|
|
|
|
| LEADER |
00000nam0a2200000 4500 |
| 001 |
36577 |
| 005 |
20231031002107.0 |
| 035 |
|
|
|a (RuTPU)RU\TPU\book\37051
|
| 035 |
|
|
|a BOOK00003703
|
| 090 |
|
|
|a 36577
|
| 100 |
|
|
|a 20011210d1974 k y0rusy50 ca
|
| 101 |
0 |
|
|a rus
|
| 102 |
|
|
|a RU
|
| 105 |
|
|
|a a 001|y
|
| 200 |
1 |
|
|a Первобытный человек, его материальная культура и природная среда в плейстоцене и голоцене
|f Под ред. А. А. Величко
|
| 210 |
|
|
|a Москва
|c [Б. и.]
|d 1974
|
| 215 |
|
|
|a 314 с.
|c ил.
|
| 320 |
|
|
|a Списки лит. в конце докл.
|
| 610 |
1 |
|
|a человек
|
| 610 |
1 |
|
|a происхождение
|
| 610 |
1 |
|
|a развитие
|
| 610 |
1 |
|
|a первобытное общество
|
| 610 |
1 |
|
|a палеогеография
|
| 610 |
1 |
|
|a четвертичный период
|
| 610 |
1 |
|
|a сборники
|
| 675 |
|
|
|a 551.79(063)
|v 3
|
| 686 |
|
|
|a А5
|2 rubbk
|
| 702 |
|
1 |
|a Величко
|g Андрей Алексеевич
|
| 801 |
|
0 |
|a RU
|b 63413507
|c 20011210
|g PSBO
|
| 801 |
|
2 |
|a RU
|b 63413507
|c 20210514
|g PSBO
|
| 900 |
|
|
|a Экология
|
| 942 |
|
|
|c BK
|